<?xml version="1.0" encoding="UTF-8"?>
<collection xmlns="http://www.loc.gov/MARC21/slim">
 <record>
  <leader>01773naa a2200253 i 4500</leader>
  <controlfield tag="001">acta74976</controlfield>
  <controlfield tag="005">20231205112503.0</controlfield>
  <controlfield tag="008">220325s2018    hu      o     1||   eng d</controlfield>
  <datafield tag="020" ind1=" " ind2=" ">
   <subfield code="a">978-963-306-640-9</subfield>
  </datafield>
  <datafield tag="022" ind1=" " ind2=" ">
   <subfield code="a">2063-3807</subfield>
  </datafield>
  <datafield tag="040" ind1=" " ind2=" ">
   <subfield code="a">SZTE Egyetemi Kiadványok Repozitórium</subfield>
   <subfield code="b">hun</subfield>
  </datafield>
  <datafield tag="041" ind1=" " ind2=" ">
   <subfield code="a">eng</subfield>
  </datafield>
  <datafield tag="100" ind1="1" ind2=" ">
   <subfield code="a">Barna András Péter</subfield>
  </datafield>
  <datafield tag="245" ind1="1" ind2="0">
   <subfield code="a">Banking Union in a Nutshell</subfield>
   <subfield code="h">[elektronikus dokumentum] /</subfield>
   <subfield code="c"> Barna András Péter</subfield>
  </datafield>
  <datafield tag="260" ind1=" " ind2=" ">
   <subfield code="c">2018</subfield>
  </datafield>
  <datafield tag="300" ind1=" " ind2=" ">
   <subfield code="a">47-52</subfield>
  </datafield>
  <datafield tag="490" ind1="0" ind2=" ">
   <subfield code="a">Szegedi Jogász Doktorandusz Konferenciák</subfield>
   <subfield code="v">8</subfield>
  </datafield>
  <datafield tag="490" ind1="0" ind2=" ">
   <subfield code="a">Jog határok nélkül</subfield>
   <subfield code="v">8</subfield>
  </datafield>
  <datafield tag="520" ind1="3" ind2=" ">
   <subfield code="a">In this essay I have analysed the transformation of the European Banking Union regarding the centralisation of competences with the European Central Bank acting through the Single Supervisory Mechanism as a bank supervisor for euro zone and other participating Member States and with the creation of a Single Resolution Mechanism to co-ordinate and oversee bank recovery and resolution. The main goal of the Banking Union was to terminate the connection between banking frailness and indebted sovereigns. Although the SSM and SRM Regulations have been praised as necessary reforms to increase banking supervision and resolution for participating Member States in the Banking Union, they raise important institutional questions regarding the accountability and efficiency of the European Central Bank as a bank supervisor and the SRM’s SRB in coordinating and supervising banks' recovery and settlement.</subfield>
  </datafield>
  <datafield tag="650" ind1=" " ind2="4">
   <subfield code="a">Társadalomtudományok</subfield>
  </datafield>
  <datafield tag="650" ind1=" " ind2="4">
   <subfield code="a">Közgazdasági és gazdálkodástudományok</subfield>
  </datafield>
  <datafield tag="695" ind1=" " ind2=" ">
   <subfield code="a">Bankügy</subfield>
  </datafield>
  <datafield tag="710" ind1=" " ind2=" ">
   <subfield code="a">Jog határok nélkül (2017) (Szeged)</subfield>
  </datafield>
  <datafield tag="856" ind1="4" ind2="0">
   <subfield code="u">http://acta.bibl.u-szeged.hu/74976/1/szegedi_jogasz_doktorandusz_konf_008_047-052.pdf</subfield>
   <subfield code="z">Dokumentum-elérés </subfield>
  </datafield>
 </record>
</collection>
